01242naa a22003017a 4500001001000000003000900010005001700019007000300036008003400039040005400073041000900127072001400136090001800150100002100168111009600189245005900285260003900344500013300383650002100516650001800537650002800555650001000583773013000593909003600723942001400759999001900773952014800792BR7903170BR-BrBNA20240918174405.0ta230509b bl.||||| |||| 00| 0 por d aBR-BrBNAbporcBiblioteca Nacional de Agricultura a(Pt) aL74b6000 aL74 BR79031701 aSilva, J.M.L. da1 a1. Encontro Nacional de Tecnicos em Nutricao AvicolacJaboticabal, SP (Brazil)d30 Jan 19781 aSindrome das deficiencias nutricionais [ave domestica]3 aJaboticabal, SP (Brasil): c1978.  aAnais do 1. Encontro Nacional de Tecnicos em Nutricao Avicola Jaboticabal, SP (Brasil): 1978. v. 2 p. 185-192 (BR7903170-AM)L74  aDISTURBIO ANIMAL aAVE DOMESTICA aDEFICIENCIA NUTRICIONAL aRACAO0 tAnais do 1. Encontro Nacional de Tecnicos em Nutricao AvicolawL74 BR7903170gJaboticabal, SP (Brasil), 1978. v. 2 p. 185-192 a202404bLuciac55dLucia Elande cAM2AGRIS c310929d310929 002AGRIS40708Acervo Gerala41918b41918cAgrobasel0oF01 BR9702881r2024-05-20t01yAM10d2024-04-11ePortaria Interministerial nÂș 164/94